Κατάλογος Βιβλιοθηκών Mediterranean College

Η Διοίκηση Ολικής Ποιότητας στην Εκπαίδευση/Μελετη Περίπτωσης Ιδιωτικού Εκπαιδευτηρίου (Record no. 8692)

MARC details
000 -LEADER
fixed length control field 01449cam a22001814a 4500
005 - ΗΜΕΡΟΜΗΝΙΑ ΚΑΙ ΩΡΑ ΤΕΛΕΥΤΑΙΑΣ ΕΝΗΜΕΡΩΣΗΣ
Πεδίο ελέγχου 20250605164343.0
008 - FIXED-LENGTH DATA ELEMENTS--GENERAL INFORMATION
Πεδίο ελέγχου σταθερού μήκους 250528s ||||||||||||||||||||||||d
035 ## - SYSTEM CONTROL NUMBER
System control number 23743
040 ## - ΠΗΓΗ ΚΑΤΑΛΟΓΟΓΡΑΦΗΣΗΣ
Φορέας πρωτότυπης καταλογογράφησης MC Athens Campus Library
Γλώσσα καταλογογράφησης Ελληνικά, Μοντέρνα (1453-)
Modifying agency MC Athens Campus Library
Κανόνες περιγραφικής καταλογογράφησης AACR2
245 1# - ΤΙΤΛΟΣ ΚΑΙ ΔΗΛΩΣΗ ΥΠΕΥΘΥΝΟΤΗΤΑΣ
Τίτλος Η Διοίκηση Ολικής Ποιότητας στην Εκπαίδευση/Μελετη Περίπτωσης Ιδιωτικού Εκπαιδευτηρίου
260 ## - PUBLICATION, DISTRIBUTION, ETC.
Date of publication, distribution, etc. 2013
300 ## - PHYSICAL DESCRIPTION
Extent 67
520 ## - SUMMARY, ETC.
Summary, etc. Περιεχόμενα, Εισαγωγή, Ιστορικό, Επισκόπηση Βιβλιογραφίας - Θεωρητική Προσέγγιση, Η Φιλοσοφία της ΔΟΠ, Αρχές της ΔΟΠ, Χαρακτηριστικά της ΔΟΠ, Σκοποί της ΔΟΠ, Θεωρίες Σχετικά με τη Διοίκηση Ολικής Ποιότητας, Η Θεωρία του P. Crosby, Η Θεωρία του W.E. Deming, Η Θεωρία του J Juran, Η Θεωρία του A. Freigenbaum, Η Θεωρία του Taguchi, Η Θεωρία του Ishikawa, Βασικά Εργαλεία στην ΔΟΠ, Η Ολική Ποιότητα στην Εκπαίδευση, Μεθοδολογική Προσέγγιση, Παρουσίαση Ερευνητικών Δεδομένων, Αποτελέσματα Έρευνας, Συμπεράσματα, Προτάσεις.
700 1# - ΠΡΟΣΘΕΤΗ ΑΝΑΓΡΑΦΗ--ΦΥΣΙΚΟ ΠΡΟΣΩΠΟ
Personal name Στακτάρης Νίκος
9 (RLIN) 9289
942 ## - ADDED ENTRY ELEMENTS (KOHA)
Koha item type Διπλωματική εργασία
Holdings
Τύπος τεκμηρίου Βιβλιοθήκη Τρέχουσα τοποθεσία Barcode Ημερομηνία απόκτησης Ταξιθετικό σύμβολο Αριθμός αντιτύπου Κατάσταση απόσυρσης Κατάσταση χαμένου Κατάσταση κατεστραμμένου Μη δανεισμός Σύνολο δανεισμών Ημερομηνία τελευταίας εμφάνισης Η τιμή ισχύει από
Διπλωματική εργασία MC Athens Campus Library MC Athens Campus Library 9780000086914 05/06/2025 BUS 2013 (2) 1           05/06/2025 05/06/2025

MC Athens Campus Library
Πατησίων 94 & Κοδριγκτώνος 13, 104 34
Πελλήνης 8 & Πατησίων 107, 112 51
Τ: +30 210 8899600

MC Thessaloniki Campus Library
Ίωνος Δραγούμη 21, 54625 | Ίωνος Δραγούμη 15, 54625
Τ: +30 2310 287779 – Τ: +30 2314 440300